书目信息 |
| 题名: |
时空岁月
|
|
| 作者: | 李学军 著 | |
| 分册: | ||
| 出版信息: | 银川 宁夏人民出版社 2017 |
|
| 页数: | 278页 | |
| 开本: | 26cm | |
| 丛书名: | 贺兰山岩画保护研究工程丛书 | |
| 单 册: | ||
| 中图分类: | K928.3 | |
| 科图分类: | ||
| 主题词: | ||
| 电子资源: | ||
| ISBN: | 978-7-227-06698-9 | |
| 000 | 01010oam2 2200253 450 | |
| 001 | 3786 | |
| 005 | 20180527193544.40 | |
| 010 | @a978-7-227-06698-9@dCNY46.00 | |
| 100 | @a20171018d2017 em y0chiy50 ea | |
| 101 | 0 | @achi |
| 102 | @aCN@b640000 | |
| 105 | @aa z 000yy | |
| 200 | 1 | @a时空岁月@9shi kong sui yue@e贺兰山的根与魂@dAs time goes by@ethe root and soul of Helanshan@f李学军著@zeng |
| 210 | @a银川@c宁夏人民出版社@d2017 | |
| 215 | @a278页@c图,照片@d26cm | |
| 225 | 1 | @a贺兰山岩画保护研究工程丛书@f张少志主编 |
| 330 | @a本书书名已涵盖了全书内容的岁月历史,将贺兰山东麓、西麓以及周边的自然地理、历史文化、岩画分布、区域特色、岩画内涵、特点异同,画廊般的一一陈列出来,给人以全面、全新、全系统的姿态展现。 | |
| 461 | 0 | @12001 @a贺兰山岩画保护研究工程丛书 |
| 510 | 1 | @aAs time goes by@ethe root and soul of Helanshan@zeng |
| 607 | @a贺兰山@x介绍 | |
| 690 | @aK928.3@v5 | |
| 701 | 0 | @c(蒙族)@a李学军@9li xue jun@f(1971-)@4著 |
| 801 | 0 | @aCN@b91MARC@c20171018 |
| 905 | @aMuseLib@dK928.3@e1061 | |
| 时空岁月:贺兰山的根与魂=As time goes by:the root and soul of Helanshan/李学军著.-银川:宁夏人民出版社,2017 |
| 278页:图,照片;26cm.-(贺兰山岩画保护研究工程丛书/张少志主编) |
| ISBN 978-7-227-06698-9:CNY46.00 |
| 本书书名已涵盖了全书内容的岁月历史,将贺兰山东麓、西麓以及周边的自然地理、历史文化、岩画分布、区域特色、岩画内涵、特点异同,画廊般的一一陈列出来,给人以全面、全新、全系统的姿态展现。 |
| ● |
| 相关链接 |
|
|
|
|
正题名:时空岁月
索取号:K928.3/1061
 
预约/预借
| 序号 | 登录号 | 条形码 | 馆藏地/架位号 | 状态 | 备注 |
| 1 | 1110607 | 211106079 | 第二样本阅览室/ [索取号:K928.3/1061] | 在馆 | |
| 2 | 1110608 | 211106088 | 教育系资料室/ [索取号:K928.3/1061] | 在馆 | |
| 3 | 1110609 | 211106097 | 教育系资料室/ [索取号:K928.3/1061] | 在馆 | |
| 4 | 1110610 | 211106104 | 第二借阅区/ [索取号:K928.3/1061] | 在馆 |